000 01305nam0a22003011 4500
001 rc\3286927
005 20130115145117.7
021 _aRU
_b72-80214
021 _aRU
_bРг2834-73
035 _a(NLR Aleph) 007401094
090 _a6713289
_c6713289
100 _a20130115d1972 |||y0rusy50 ca
101 0 _arus
102 _aRU
105 _ay j |||||
200 1 _aУчебное пособие по немецкому языку для студентов специальности "Организация и экономика химической промышленности"
_fМ-во высш. и сред. спец. образ. РСФСР. Волгогр. политехн. ин-т
210 _aВолгоград
_cБ. и.
_d1972
215 _a68 с.
_d20
300 _aНа обороте тит. л. сост.: доц., канд. пед. наук Левин Г.Л., Андреева Н.С., Жолобова Н.П. [и др.]
702 1 _aАндреева
_bН. С.
_4220
702 1 _aЖлобова
_bН. П.
_4220
702 1 _aЛевин
_bГ. Л.
_4220
712 0 2 _aВолгоградский политехнический институт
_3RU\NLR\AUTH\886980
801 0 _aRU
_bNLR
_gpsbo
801 1 _aRU
_bELAR
_2rusmarc
852 _aNLR
_j72-4/35499
942 _cBOOK
980 _aNB